000 01233cam a2200145 4500500
005 20260405085537.0
041 _afre
042 _adc
100 1 0 _aFaerber, Johan
_eauthor
700 1 0 _aMarcandier, Christine
_eauthor
245 0 0 _aLe commentaire composé et la dissertation en lettres à l'université : Analyser le sujet, Construire son argumentation, Rédiger son texte
260 _bArmand Colin,
_c2017.
520 _aComment réussir ses épreuves en lettres à l’université dès sa première année  ? Les auteurs proposent des méthodes pour élaborer son commentaire de texte et sa dissertation en livrant, pas à pas, les étapes clefs de chacun de ces deux exercices. Ils offrent de véritables outils pour élaborer un plan pertinent dans l’étude d’un texte ou d’un sujet de dissertation. Une fois ces réflexes acquis vous pourrez développer votre sensibilité et culture littéraire sans courir le risque du hors-sujet. Vous trouverez en complément en ligne une anthologie des textes littéraires utilisés par les auteurs lors des divers commentaires.
856 4 1 _uhttps://shs.cairn.info/le-commentaire-compose-et-dissertation-en-lettres--9782200614652?lang=fr&redirect-ssocas=7080
999 _c2198386
_d2198386